Building surveys of residential properties (Record no. 94791)
[ view plain ]
| 000 -LEADER | |
|---|---|
| fixed length control field | 01263cam a2200301 4500 |
| 008 - FIXED-LENGTH DATA ELEMENTS--GENERAL INFORMATION | |
| fixed length control field | 090401t1996 xxu||||| |||| 00| 0 eng d |
| 020 ## - INTERNATIONAL STANDARD BOOK NUMBER | |
| International Standard Book Number | 0854067760 |
| 035 ## - SYSTEM CONTROL NUMBER | |
| System control number | (Sirsi) u65831 |
| 041 ## - LANGUAGE CODE | |
| Language code of text/sound track or separate title | eng |
| 050 ## - LIBRARY OF CONGRESS CALL NUMBER | |
| Classification number | 690.2 |
| 090 ## - LOCALLY ASSIGNED LC-TYPE CALL NUMBER (OCLC); LOCAL CALL NUMBER (RLIN) | |
| Classification number (OCLC) (R) ; Classification number, CALL (RLIN) (NR) | RICS 1996/70ABCD |
| 110 ## - MAIN ENTRY--CORPORATE NAME | |
| Corporate name or jurisdiction name as entry element | Royal Institution of Chartered Surveyors |
| 9 (RLIN) | 4900 |
| 245 ## - TITLE STATEMENT | |
| Title | Building surveys of residential properties |
| Remainder of title | a guidance note for surveyors |
| 250 ## - EDITION STATEMENT | |
| Edition statement | 3rd ed. |
| 260 ## - PUBLICATION, DISTRIBUTION, ETC. | |
| Place of publication, distribution, etc. | London |
| Name of publisher, distributor, etc. | RICS |
| Date of publication, distribution, etc. | 1996 |
| 300 ## - PHYSICAL DESCRIPTION | |
| Extent | 20p. |
| Dimensions | 30cm. |
| 350 ## - PRICE (NR) (BK AM CF MU VM SE) [OBSOLETE] | |
| Price | 8.95 |
| 490 ## - SERIES STATEMENT | |
| Series statement | RICS Guidance Note |
| 520 ## - SUMMARY, ETC. | |
| Summary, etc. | Operative from 1 October 1996. Should be read in conjunction with "Building surveys of residential properties : model conditions of engagement" (M2201) |
| 520 ## - SUMMARY, ETC. | |
| Summary, etc. | Supersedes second edition "Structural surveys of residential property: a guidance note" (D16260) |
| 520 ## - SUMMARY, ETC. | |
| Summary, etc. | SUPERSEDED BY 1842190954 ("Building surveys of residential property" 2nd edition, 2004) |
| 650 ## - SUBJECT ADDED ENTRY--TOPICAL TERM | |
| Topical term or geographic name entry element | BUILDING SURVEYS |
| 650 ## - SUBJECT ADDED ENTRY--TOPICAL TERM | |
| Topical term or geographic name entry element | RESIDENTIAL PROPERTY |
| 9 (RLIN) | 6266 |
| 690 ## - LOCAL SUBJECT ADDED ENTRY--TOPICAL TERM (OCLC, RLIN) | |
| Topical term or geographic name as entry element | BUILT ENVIRONMENT-BUILDING INSPECTION |
| 856 ## - ELECTRONIC LOCATION AND ACCESS | |
| Uniform Resource Identifier | <a href="https://www.isurv.com/downloads/file/2798/archive_building_surveys_of_residential_property_1st_edition_july_1996-january_2004">https://www.isurv.com/downloads/file/2798/archive_building_surveys_of_residential_property_1st_edition_july_1996-january_2004</a> |
| Public note | Archived on isurv |
| 942 ## - ADDED ENTRY ELEMENTS (KOHA) | |
| Suppress in OPAC | 0 |
| Source of classification or shelving scheme | Dewey Decimal Classification |
| 948 ## - LOCAL PROCESSING INFORMATION (OCLC); SERIES PART DESIGNATOR (RLIN) | |
| c (OCLC) | 04/03/1997 |
| Withdrawn status | Lost status | Source of classification or shelving scheme | Damaged status | Not for loan | Home library | Current library | Shelving location | Date acquired | Cost, normal purchase price | Total Checkouts | Full call number | Barcode | Date last seen | Copy number | Cost, replacement price | Price effective from | Koha item type | Date last checked out |
|---|---|---|---|---|---|---|---|---|---|---|---|---|---|---|---|---|---|---|
| Dewey Decimal Classification | London | London | RICS Boxes | 19/09/1996 | 8.95 | RICS 1996/70 | 30051642 | 06/08/2019 | 1 | 8.95 | 06/08/2019 | Archive | ||||||
| Dewey Decimal Classification | London | London | RICS Boxes | 19/09/1996 | 8.95 | 4 | RICS 1996/70 | 30051643 | 06/08/2019 | 2 | 8.95 | 06/08/2019 | Reference material | 12/09/2003 | ||||
| Virtual | Virtual | Online | 24/07/2023 | isurv | 24/07/2023 | 3 | 24/07/2023 | Online material |